header

Multilingual urban Scandinavia (Record no. 119676)

MARC details
000 -LEADER
fixed length control field 01440nam a2200385Ia 4500
245 00 - TITLE STATEMENT
Title Multilingual urban Scandinavia
260 ## - PUBLICATION, DISTRIBUTION, ETC. (IMPRINT)
Place of publication Bristol ;
-- Buffalo :
Name of publisher Multilingual Matters,
Year of publication c2010.
300 ## - PHYSICAL DESCRIPTION
Number of Pages xxiii, 252 p. :
Other physical details ill.
490 0# - SERIES STATEMENT
Series statement Multilingual matters
650 #0 - SUBJECT ADDED ENTRY--TOPICAL TERM
Topical Term Sociolinguistics
Topical Term Languages in contact
700 1# - ADDED ENTRY--PERSONAL NAME
Personal name Quist, Pia.
Personal name Svendsen, Bente A.
856 40 - ELECTRONIC LOCATION AND ACCESS
Uniform Resource Identifier http://site.ebrary.com/lib/rucke/Doc?id=10478190

No items available.

© 2026 Rongo University
Contact us: librarian | system librarian | Rongo university